000 00599nam a2200193Ia 4500
003 GCL
008 140319s9999 xx 000 0 eng d
040 _aGCL /
_cGCL
082 0 4 _aRER
_b004.03
_bR E
100 1 _aPETER COLLIN PUBLISHING
_vJt. author
_@
…ؤلف مشارك
245 1 0 _aENCYCLOPEDIA OF COMPUTER SCIENCE, 3rd ed. /
_cPETER COLLIN PUBLISHING
700 1 _aMODGETTS,RICHARD
700 1 _aLAROUSSE
260 _a[S.N] :
_bCHAPMAN & HALL ،
_c1943
300 _a1558 P
650 0 4 _aشعر الحرب
650 0 4 _aENYCLOPEDIAS AND DICTIONARIES
942 _2ddc
_cBK
999 _c18921
_d18921